Lataa...
Creativity in Public Relation
| Päätekijä: | |
|---|---|
| Aineistotyyppi: | Printed Book |
| Julkaistu: |
new Delhi
Crest Publishing house
2003
|
| LEADER | 00450nam a22001337a 4500 | ||
|---|---|---|---|
| 020 | |a 978-81-242-0307-5 | ||
| 082 | |a 659.2 |b GRE/C | ||
| 100 | |a Green, Andey |9 166873 | ||
| 245 | |a Creativity in Public Relation | ||
| 260 | |a new Delhi |b Crest Publishing house |c 2003 | ||
| 300 | |a 200p. | ||
| 942 | |c BK | ||
| 999 | |c 186960 |d 186956 | ||
| 952 | |0 0 |1 0 |4 0 |6 659_200000000000000_GRE_C |7 0 |9 185829 |a SMBS |b SMBS |d 2015-05-21 |g 795.00 |l 0 |o 659.2 GRE/C |p SMBS2247 |r 2015-05-21 |w 2015-05-21 |y BK | ||